| 000 | 00676nam a2200205Ii 4500 | ||
|---|---|---|---|
| 003 | JO-AjNU | ||
| 008 | 230605s9999||||xx |||||||||||||| ||und|| | ||
| 040 |
_aJO-AjNU _bara _erda _cJO-AjNU |
||
| 041 | _aara | ||
| 050 | 1 | 4 | _aGB797.A2234 1992 |
| 100 | 3 |
_aالعبدالله، حسن, _eauthor _941151 |
|
| 245 | 0 | 0 | _aالأمن المائي العربي |
| 250 | _aط1 | ||
| 264 | 3 | 1 | _aبيروت: مركز الدراسات الاستراتيجية والبحوث والتوثيق، 1992 |
| 300 | _a122ص | ||
| 336 |
_atext _btxt _2rdacontent |
||
| 337 |
_aunmediated _bn _2rdamedia |
||
| 338 |
_avolume _bnc _2rdacarrier |
||
| 650 | 4 |
_aالحياه-عالم عربي _941152 |
|
| 999 |
_aA17522 _c21090 _d21090 |
||